000 01191nam a22002537a 4500
005 20170124103046.0
010 _aB-146345
020 _c150.00
_a8187524642
035 _aB-146345
037 _bCen Lib/Ret
040 _aDPL
_bHN
082 _a
_bजबम
245 _aजब मेने जात छुपाई /
_cअनुवादाक संजय भिसे
_bशिर्षाथ मराठी दलित कथाकार बाबुराव की कहानियां /
246 _aJab mene jaat chhupai : Shirshasth marathi dalit kathakar baburav ki kahaniyan
_banuvadak Sanjay Bhise
260 _aमेरठ
_bसंवाद प्रकाशन
_c2004
270 _aई-499, शाश्त्री नगर
_bमेरठ
_e250004
300 _a125पृष्ठ.
_c21सेमी(सजिल्द)
650 _aहिंदी साहित्य
_968998
650 _aहिंदी कहानी - दलित पीड़ा
_945236
650 _aHindi literature
_968999
650 _aHindi story Dalit suffering
_969000
700 _aभिसे, संजय
_969001
942 _2ddc
_cHN
_h
_mजबम
999 _c116922
_d116922